000 00243nam a2200097Ia 4500
001 991730
005 20250826221335.0
008 250824s9999 xx 000 0 und d
245 0 _aKENDİNİ BULMAK
_cİHSAN FAZLIOĞLU
260 _bKETEBE YAYINLARI
999 _c991730
_d991730